[Event "GRE-chT 50th"]
[Site "Nikaia"]
[Date "2023.08.30"]
[Round "7.4"]
[White "Samaridis, Konstantinos"]
[Black "Theodoridis, Charalampos"]
[Result "1/2-1/2"]
[WhiteElo "2021"]
[BlackElo "1651"]
[PlyCount "92"]
[EventDate "2023.08.25"]
[EventType "team"]
[EventRounds "9"]
[EventCountry "GRE"]
[SourceTitle "EXT 2024"]
[Source "ChessBase"]
[SourceDate "2023.10.10"]
[SourceVersion "1"]
[SourceVersionDate "2023.10.10"]
[SourceQuality "1"]
[WhiteTeam "Amo Galaxias"]
[BlackTeam "Kavalas"]
[WhiteTeamCountry "GRE"]
[BlackTeamCountry "GRE"]

1. e4 c6 2. Nc3 d5 3. Nf3 Bg4 4. h3 Bxf3 5. Qxf3 Nf6 6. g3 e6 7. Bg2 Bc5 8. 0-0 0-0 9. d3 Nbd7 10. g4 Ne5 11. Qg3 Nfd7 12. Kh1 Ng6 13. f4 Nh4 14. g5 Nxg2 15. Kxg2 f5 16. e5 g6 17. h4 b5 18. Bd2 a5 19. Ne2 Bb6 20. Rh1 Kg7 21. h5 Rh8 22. Rh3 Qe7 23. Rah1 Rag8 24. c3 Nf8 25. Qh2 Kf7 26. Kf1 b4 27. d4 c5 28. Qf2 gxh5 29. Rxh5 Rg7 30. R1h3 Ng6 31. dxc5 Bxc5 32. Be3 Bxe3 33. Qxe3 Qc7 34. Qd4 Qc4 35. Qxc4 dxc4 36. cxb4 axb4 37. a3 bxa3 38. Rxa3 Rb8 39. Ra4 Rxb2 40. Rxc4 Kg8 41. Rc8+ Kf7 42. Rc7+ Kg8 43. Rc8+ Kf7 44. Rc4 Kg8 45. Rh3 Ra7 46. Re3 Ra1+ 1/2-1/2

[Event "World Amateur-ch U2300"]
[Site "Rhodes"]
[Date "2021.10.18"]
[Round "2"]
[White "Ladopoulos, Dimitrios"]
[Black "Samaridis, Konstantinos"]
[Result "1-0"]
[WhiteElo "2294"]
[BlackElo "2073"]
[PlyCount "131"]
[EventDate "2021.10.17"]
[EventType "swiss"]
[EventRounds "9"]
[EventCountry "GRE"]
[SourceTitle "EXT 2023"]
[Source "ChessBase"]
[SourceDate "2022.10.05"]
[SourceVersion "1"]
[SourceVersionDate "2022.10.05"]
[SourceQuality "1"]

1. Nf3 d5 2. g3 c6 3. Bg2 Bg4 4. 0-0 e6 5. c4 Nf6 6. d4 Nbd7 7. Qb3 Qb6 8. Nc3 Be7 9. Re1 0-0 10. c5 Qa6 11. e4 dxe4 12. Bf1 b5 13. Nd2 Qc8 14. a4 a6 15. Ndxe4 Nxe4 16. Nxe4 Nf6 17. f3 Nxe4 18. fxg4 Nf6 19. g5 Nd5 20. Bg2 Rd8 21. Be4 Rd7 22. Qf3 Bf8 23. Rd1 Qd8 24. Bd2 g6 25. h4 Bg7 26. Be1 Ne7 27. Bf2 Bxd4 28. Bxd4 Rxd4 29. Rf1 Nf5 30. axb5 Rxe4 31. Qxe4 Nxg3 32. Qf3 Nxf1 33. Rxf1 Qd4+ 34. Rf2 Ra7 35. bxc6 Qxc5 36. Qd3 Re7 37. Qxa6 e5 38. Qd3 e4 39. Qc3 Qxc3 40. bxc3 e3 41. Re2 Kg7 42. Kg2 f6 43. Kf3 Rc7 44. Kxe3 Rxc6 45. Kd4 Kf7 46. c4 Rd6+ 47. Kc5 Rd1 48. Kb6 Rd4 49. c5 Rxh4 50. Rf2 f5 51. c6 Rc4 52. c7 Ke6 53. Re2+ Kd5 54. Rh2 f4 55. Rxh7 f3 56. Rf7 Ke4 57. Rf8 Ke3 58. c8Q Rxc8 59. Rxc8 Kf4 60. Kc5 Kxg5 61. Kd4 Kf4 62. Rf8+ Kg3 63. Ke3 g5 64. Rxf3+ Kg2 65. Rf5 g4 66. Kf4 1-0

[Event "EU-ch Amateur Online Final 2000/2300"]
[Site "Tornelo INT"]
[Date "2021.04.28"]
[Round "9"]
[White "Samaridis, Konstantinos"]
[Black "Defromont, Benjamin"]
[Result "1-0"]
[WhiteElo "2081"]
[BlackElo "2246"]
[PlyCount "155"]
[EventDate "2021.04.28"]
[EventType "swiss (rapid)"]
[EventRounds "9"]
[EventCountry "NET"]
[SourceTitle "EXT 2023"]
[Source "ChessBase"]
[SourceDate "2022.10.05"]
[SourceVersion "1"]
[SourceVersionDate "2022.10.05"]
[SourceQuality "1"]

1. e4 e5 2. Nf3 Nf6 3. Nc3 Nc6 4. d4 exd4 5. Nxd4 Bb4 6. Nxc6 bxc6 7. Bd3 d5 8. exd5 0-0 9. 0-0 cxd5 10. h3 c6 11. Qf3 Bd6 12. Bf4 Rb8 13. b3 Be6 14. Ne2 c5 15. c3 Re8 16. Ng3 c4 17. Bc2 a5 18. Rad1 Bxf4 19. Qxf4 Qb6 20. Rfe1 h6 21. Ne2 Rbc8 22. g4 Re7 23. Kg2 Rce8 24. Nd4 Bc8 25. Rxe7 Rxe7 26. f3 Re8 27. h4 Nd7 28. g5 h5 29. Qf5 Nf6 30. Qf4 Nd7 31. Qf5 g6 32. Qxd5 Ne5 33. Qb5 Qd8 34. bxc4 Bd7 35. Qd5 Qc8 36. c5 Bh3+ 37. Kg1 Qb8 38. Qd6 Qb2 39. Re1 Qxc3 40. Rxe5 Rxe5 41. Qxe5 Qd2 42. Ne2 Qe1+ 43. Kh2 Bf1 44. Qe8+ Kg7 45. Qe5+ Kh7 46. Bxg6+ fxg6 47. Qe7+ Kg8 48. Qe6+ Kg7 49. Qf6+ Kh7 50. Qf7+ Kh8 51. Nf4 Qxh4+ 52. Kg1 Qg3+ 53. Kxf1 Qxf3+ 54. Ke1 Qc3+ 55. Ke2 Qc2+ 56. Ke3 Qxc5+ 57. Ke4 Qc2+ 58. Ke5 Qc5+ 59. Kf6 Qb6+ 60. Qe6 Qd8+ 61. Kxg6 Qg8+ 62. Qxg8+ Kxg8 63. Nxh5 a4 64. Kf5 a3 65. g6 Kf8 66. g7+ Kf7 67. Kg5 Kg8 68. Kh6 Kf7 69. Kh7 Ke6 70. g8Q+ Kd6 71. Qb3 Kc5 72. Qxa3+ Kb5 73. Qb3+ Ka5 74. a4 Ka6 75. Qb5+ Ka7 76. a5 Ka8 77. a6 Ka7 78. Qb7# 1-0

[Event "EU-ch Amateur Online Final 2000/2300"]
[Site "Tornelo INT"]
[Date "2021.04.28"]
[Round "7"]
[White "Samaridis, Konstantinos"]
[Black "Muetsch, Annmarie"]
[Result "1-0"]
[WhiteElo "2081"]
[BlackElo "2266"]
[PlyCount "65"]
[EventDate "2021.04.28"]
[EventType "swiss (rapid)"]
[EventRounds "9"]
[EventCountry "NET"]
[SourceTitle "EXT 2023"]
[Source "ChessBase"]
[SourceDate "2022.10.05"]
[SourceVersion "1"]
[SourceVersionDate "2022.10.05"]
[SourceQuality "1"]

1. e4 d6 2. c4 Nf6 3. Nc3 g6 4. g3 Bg7 5. Bg2 0-0 6. Nge2 c5 7. 0-0 Nc6 8. d3 Bg4 9. h3 Bxe2 10. Nxe2 Rb8 11. a4 Ne8 12. Rb1 a6 13. Be3 b5 14. axb5 axb5 15. cxb5 Rxb5 16. d4 cxd4 17. Nxd4 Nxd4 18. Bxd4 Qb8 19. Bxg7 Nxg7 20. Qd2 Qb6 21. Rfc1 Rb8 22. Rc2 Ne6 23. Bf1 Rb3 24. Kg2 Nd4 25. Rc3 e5 26. Bc4 Rxb2 27. Rxb2 Qxb2 28. Bxf7+ Kxf7 29. Rc7+ Ke6 30. Qg5 Re8 31. Qg4+ Kf6 32. Qh4+ Ke6 33. Qxh7 1-0

[Event "GRE-ch Online Blitz op 1st"]
[Site "Tornelo INT"]
[Date "2021.02.07"]
[Round "1"]
[White "Chorafas, Emmanouil"]
[Black "Samaridis, Konstantinos"]
[Result "0-1"]
[WhiteElo "1163"]
[BlackElo "1783"]
[PlyCount "62"]
[EventDate "2021.02.07"]
[EventType "swiss (blitz)"]
[EventRounds "16"]
[EventCountry "GRE"]
[SourceTitle "EXT 2023"]
[Source "ChessBase"]
[SourceDate "2022.10.05"]
[SourceVersion "1"]
[SourceVersionDate "2022.10.05"]
[SourceQuality "1"]

1. e4 e5 2. Nf3 Nc6 3. Bc4 Nf6 4. Ng5 d5 5. exd5 Na5 6. Bb3 Nxb3 7. axb3 Nxd5 8. Nf3 Bd6 9. d3 0-0 10. Be3 Nxe3 11. fxe3 f5 12. 0-0 Qf6 13. Nc3 c6 14. Re1 g5 15. e4 f4 16. g3 g4 17. Nh4 fxg3 18. hxg3 Qf2+ 19. Kh1 Qxg3 20. Ng2 Qh3+ 21. Kg1 Bc5+ 22. Ne3 Bxe3+ 23. Rxe3 Qxe3+ 24. Kh1 Qh3+ 25. Kg1 g3 26. Qe2 Rf2 27. Qxf2 gxf2+ 28. Kxf2 Bg4 29. Rg1 Rf8+ 30. Ke1 Qe3+ 31. Ne2 Qxe2# 0-1

[Event "GRE-ch Online Blitz op 1st"]
[Site "Tornelo INT"]
[Date "2021.02.07"]
[Round "5"]
[White "Kalogridis, Antonios"]
[Black "Samaridis, Konstantinos"]
[Result "1-0"]
[WhiteElo "1424"]
[BlackElo "1783"]
[PlyCount "91"]
[EventDate "2021.02.07"]
[EventType "swiss (blitz)"]
[EventRounds "16"]
[EventCountry "GRE"]
[SourceTitle "EXT 2023"]
[Source "ChessBase"]
[SourceDate "2022.10.05"]
[SourceVersion "1"]
[SourceVersionDate "2022.10.05"]
[SourceQuality "1"]

1. d4 Nf6 2. c4 d6 3. Nc3 Nbd7 4. e4 e5 5. Nge2 g6 6. f3 c6 7. Be3 Be7 8. Qd2 a6 9. d5 c5 10. a4 h5 11. Nc1 Nh7 12. Bd3 Bg5 13. N1e2 Bxe3 14. Qxe3 0-0 15. 0-0 Qg5 16. Qxg5 Nxg5 17. a5 f5 18. exf5 gxf5 19. Ng3 Nf6 20. Nxf5 Bxf5 21. Bxf5 Kg7 22. h4 Nf7 23. Ne4 Nh6 24. Be6 Nxe4 25. fxe4 b5 26. Rxf8 Kxf8 27. cxb5 axb5 28. a6 Ra7 29. Ra5 b4 30. Bc8 Nf7 31. Bb7 Nd8 32. Rb5 Ke7 33. Bc8 Ra8 34. Bb7 Ra7 35. Kf2 Kd7 36. g4 hxg4 37. Kg3 Kc7 38. h5 Kb8 39. h6 Nxb7 40. h7 Rxa6 41. h8Q+ Ka7 42. Qg7 Rb6 43. Ra5+ Kb8 44. Qf8+ Kc7 45. Qe7+ Kc8 46. Ra8# 1-0

[Event "GRE-ch Online Blitz op 1st"]
[Site "Tornelo INT"]
[Date "2021.02.07"]
[Round "10"]
[White "Samaridis, Konstantinos"]
[Black "Bardis, Harilaos Panagiotis"]
[Result "0-1"]
[WhiteElo "1783"]
[BlackElo "1934"]
[PlyCount "80"]
[EventDate "2021.02.07"]
[EventType "swiss (blitz)"]
[EventRounds "16"]
[EventCountry "GRE"]
[SourceTitle "EXT 2023"]
[Source "ChessBase"]
[SourceDate "2022.10.05"]
[SourceVersion "1"]
[SourceVersionDate "2022.10.05"]
[SourceQuality "1"]

1. e4 c5 2. c4 Nc6 3. Nc3 d6 4. g3 e5 5. Bg2 Nf6 6. d3 h6 7. Nge2 Be7 8. 0-0 0-0 9. f4 Bg4 10. f5 Nd4 11. h3 Bxe2 12. Nxe2 Nc6 13. g4 Nh7 14. Be3 Bg5 15. Bf2 Bh4 16. Qe1 Bxf2+ 17. Qxf2 a6 18. Nc3 Nb4 19. Qg3 Nc2 20. Rac1 Nd4 21. Rf2 b5 22. b3 Qg5 23. Rcf1 h5 24. Nd5 hxg4 25. hxg4 bxc4 26. dxc4 Ra7 27. Bf3 g6 28. Bd1 f6 29. fxg6 Qxg6 30. Kg2 Ng5 31. Nxf6+ Rxf6 32. Rxf6 Qxe4+ 33. Kg1 Rh7 34. Rf8+ Kg7 35. Qg2 Nh3+ 36. Qxh3 Rxh3 37. R1f7+ Kg6 38. Rf6+ Kg5 39. Rg8+ Kxf6 40. g5+ Kf7 0-1

[Event "GRE-ch Online Blitz op 1st"]
[Site "Tornelo INT"]
[Date "2021.02.07"]
[Round "6"]
[White "Samaridis, Konstantinos"]
[Black "Karanasios, Dimosthenis"]
[Result "1-0"]
[WhiteElo "1783"]
[BlackElo "1329"]
[PlyCount "91"]
[EventDate "2021.02.07"]
[EventType "swiss (blitz)"]
[EventRounds "16"]
[EventCountry "GRE"]
[SourceTitle "EXT 2023"]
[Source "ChessBase"]
[SourceDate "2022.10.05"]
[SourceVersion "1"]
[SourceVersionDate "2022.10.05"]
[SourceQuality "1"]

1. e4 e6 2. d4 d5 3. Nc3 dxe4 4. Nxe4 Nf6 5. Nxf6+ Qxf6 6. Nf3 b6 7. Bg5 Qf5 8. Bd3 Qa5+ 9. Bd2 Qd5 10. c4 Qd8 11. Be4 c6 12. 0-0 Bb7 13. Bc3 Nd7 14. Qe2 Bd6 15. Rad1 0-0 16. Ne5 f5 17. Bxc6 Bxc6 18. Nxc6 Qc7 19. Ne5 Nf6 20. f3 Rac8 21. b3 Nh5 22. Qe3 f4 23. Qe4 Rf5 24. Rfe1 Nf6 25. Qe2 Bxe5 26. dxe5 Nd7 27. Rd6 Qc5+ 28. Kh1 Nf8 29. Red1 h6 30. Qd2 Kh7 31. Qd4 Qc7 32. Rd8 Ng6 33. Rxc8 Qxc8 34. Qd6 Nf8 35. h3 g5 36. Qd8 Qxd8 37. Rxd8 Ng6 38. Re8 Nxe5 39. Rxe6 Ng6 40. Rd6 a5 41. Rd7+ Kg8 42. Rg7+ Kf8 43. Rxg6 Kf7 44. Rxh6 b5 45. Rc6 b4 46. Bd4 1-0

[Event "GRE-ch Online Blitz op 1st"]
[Site "Tornelo INT"]
[Date "2021.02.07"]
[Round "16"]
[White "Samaridis, Konstantinos"]
[Black "Patrelakis, Evaggelos"]
[Result "0-1"]
[WhiteElo "1783"]
[BlackElo "1666"]
[PlyCount "56"]
[EventDate "2021.02.07"]
[EventType "swiss (blitz)"]
[EventRounds "16"]
[EventCountry "GRE"]
[SourceTitle "EXT 2023"]
[Source "ChessBase"]
[SourceDate "2022.10.05"]
[SourceVersion "1"]
[SourceVersionDate "2022.10.05"]
[SourceQuality "1"]

1. e4 c5 2. Nf3 e6 3. d4 cxd4 4. Nxd4 Nf6 5. Nc3 d6 6. g4 e5 7. Nf5 h5 8. Bg5 hxg4 9. Nd5 Nbd7 10. Bc4 g6 11. Nfe3 Rh5 12. Bxf6 Nxf6 13. Nxf6+ Qxf6 14. Be2 Qf4 15. Qd3 Rxh2 16. Rxh2 Qxh2 17. 0-0-0 Bd7 18. Nd5 0-0-0 19. Qc3+ Bc6 20. Bxg4+ Kb8 21. Qe3 Bxd5 22. Qd3 Qf4+ 23. Kb1 Bxe4 24. Qh3 Qxf2 25. Qb3 f5 26. Bh3 Rc8 27. Rc1 Bh6 28. Bf1 Bxc1 0-1

[Event "GRE-ch Online Blitz op 1st"]
[Site "Tornelo INT"]
[Date "2021.02.07"]
[Round "7"]
[White "Skodras, Marios Konstantinos"]
[Black "Samaridis, Konstantinos"]
[Result "0-1"]
[WhiteElo "1309"]
[BlackElo "1783"]
[PlyCount "80"]
[EventDate "2021.02.07"]
[EventType "swiss (blitz)"]
[EventRounds "16"]
[EventCountry "GRE"]
[SourceTitle "EXT 2023"]
[Source "ChessBase"]
[SourceDate "2022.10.05"]
[SourceVersion "1"]
[SourceVersionDate "2022.10.05"]
[SourceQuality "1"]

1. b3 c5 2. Bb2 Nc6 3. e3 e5 4. Bb5 Nge7 5. c4 a6 6. Bxc6 Nxc6 7. Ne2 d6 8. Nbc3 g6 9. a3 Bg7 10. 0-0 0-0 11. f4 e4 12. Na4 Bxb2 13. Nxb2 d5 14. Nc3 Be6 15. Qe2 f5 16. cxd5 Bxd5 17. Nc4 Bf7 18. Rfd1 b5 19. Nb2 Bxb3 20. Rdc1 Bf7 21. a4 Na5 22. Re1 b4 23. Ncd1 Nb3 24. Rb1 Nxd2 25. Rc1 Nb3 26. Rb1 Rc8 27. a5 Qxa5 28. Nc4 Qb5 29. Nd6 Qxe2 30. Rxe2 c4 31. Nxc8 Rxc8 32. Nb2 a5 33. Na4 Nc5 34. Nb6 Rb8 35. Nxc4 Bxc4 36. Rd2 Nd3 37. Ra1 Ra8 38. Kf1 a4 39. Kg1 b3 40. g3 a3 0-1

[Event "GRE-ch Online Rapid op 1st"]
[Site "Tornelo INT"]
[Date "2021.02.06"]
[Round "4"]
[White "Kotsinis, Alexandros"]
[Black "Samaridis, Konstantinos"]
[Result "0-1"]
[WhiteElo "1346"]
[BlackElo "1786"]
[PlyCount "54"]
[EventDate "2021.02.06"]
[EventType "swiss (rapid)"]
[EventRounds "8"]
[EventCountry "GRE"]
[SourceTitle "EXT 2023"]
[Source "ChessBase"]
[SourceDate "2022.10.05"]
[SourceVersion "1"]
[SourceVersionDate "2022.10.05"]
[SourceQuality "1"]

1. c4 Nf6 2. Nc3 e6 3. e4 d5 4. e5 d4 5. exf6 dxc3 6. bxc3 Qxf6 7. d4 b6 8. Nf3 h6 9. Be2 Bd6 10. Rb1 Nd7 11. Nd2 Bb7 12. c5 Be7 13. Qa4 c6 14. Bf3 b5 15. Qa5 Bd8 16. Qb4 Bc7 17. a4 a6 18. Qb3 0-0 19. Ne4 Qg6 20. 0-0 e5 21. Be3 Kh7 22. Ng3 f5 23. Qc2 Rae8 24. axb5 axb5 25. Rxb5 cxb5 26. Bxb7 e4 27. f3 f4 0-1

[Event "GRE-ch Online Rapid op 1st"]
[Site "Tornelo INT"]
[Date "2021.02.06"]
[Round "1"]
[White "Samaridis, Konstantinos"]
[Black "Latifis, Panagiotis"]
[Result "1-0"]
[WhiteElo "1786"]
[BlackElo "1087"]
[PlyCount "99"]
[EventDate "2021.02.06"]
[EventType "swiss (rapid)"]
[EventRounds "8"]
[EventCountry "GRE"]
[SourceTitle "EXT 2023"]
[Source "ChessBase"]
[SourceDate "2022.10.05"]
[SourceVersion "1"]
[SourceVersionDate "2022.10.05"]
[SourceQuality "1"]

1. e4 e5 2. Nf3 Nc6 3. Bc4 Bc5 4. c3 Nf6 5. d4 exd4 6. cxd4 Bb4+ 7. Nc3 0-0 8. d5 Bxc3+ 9. bxc3 Na5 10. Bd3 Re8 11. Bg5 h6 12. Bxf6 Qxf6 13. e5 c6 14. 0-0 Qf4 15. d6 b5 16. Re1 Qg4 17. Re4 Qe6 18. Nd4 Qd5 19. Qe2 Nc4 20. Bxc4 Qxc4 21. Qxc4 bxc4 22. Nc2 Ba6 23. Nb4 Bb5 24. a4 f5 25. Ree1 c5 26. Nd5 Bc6 27. Nc7 Rec8 28. Nxa8 Bxa8 29. a5 Bc6 30. Rab1 Kf7 31. f4 g5 32. g3 g4 33. Kf2 Be4 34. Rb2 Kg6 35. Rb5 h5 36. Re2 Bd5 37. Reb2 Kf7 38. Rb8 Rf8 39. Rxf8+ Kxf8 40. Rb8+ Kg7 41. Rc8 a6 42. Rxc5 Be6 43. Ke3 Kf7 44. Kd4 Ke8 45. Rc8+ Kf7 46. Kc5 Kg6 47. Re8 Bf7 48. Re7 Be6 49. Rxe6+ dxe6 50. d7 1-0

[Event "Paleochora op 13th"]
[Site "Paleochora"]
[Date "2020.07.19"]
[Round "2"]
[White "Dardha, Daniel"]
[Black "Samaridis, Konstantinos"]
[Result "1-0"]
[WhiteElo "2449"]
[BlackElo "2105"]
[PlyCount "117"]
[EventDate "2020.07.18"]
[EventType "swiss"]
[EventRounds "9"]
[EventCountry "GRE"]
[SourceTitle "EXT 2021"]
[Source "ChessBase"]
[SourceDate "2020.10.23"]
[SourceVersion "1"]
[SourceVersionDate "2020.10.23"]
[SourceQuality "1"]

1. e4 e5 2. Nf3 Nc6 3. Bc4 Bc5 4. c3 Nf6 5. d3 a6 6. h3 d6 7. Bb3 Ba7 8. Nbd2 0-0 9. Nf1 Re8 10. Qe2 Be6 11. Bc2 d5 12. Ng5 Bc8 13. g4 Ne7 14. Ne3 Ng6 15. Ng2 Qd6 16. Nf3 Bd7 17. Bd2 b5 18. Ngh4 Nxh4 19. Nxh4 g6 20. Rg1 Kh8 21. 0-0-0 d4 22. f4 exf4 23. Rgf1 Nd5 24. Bb3 dxc3 25. bxc3 Ne3 26. Bxe3 Bxe3+ 27. Kb1 Be6 28. Ng2 Bxb3 29. axb3 Qa3 30. Qb2 Qxb2+ 31. Kxb2 Rad8 32. Kc2 Kg7 33. Nxf4 c6 34. b4 Bb6 35. Ra1 Ra8 36. Ra2 Ra7 37. Rfa1 Rea8 38. d4 Kf6 39. Nd3 Ke6 40. Ne5 Kd6 41. Rf1 Bd8 42. Rxf7 Rxf7 43. Nxf7+ Ke7 44. Nxd8 Kxd8 45. Kd3 Ke7 46. d5 cxd5 47. exd5 Kd6 48. Kd4 Kc7 49. Rf2 a5 50. Kc5 a4 51. Kxb5 a3 52. Ra2 Kd6 53. Kc4 Ke5 54. Kb3 Kxd5 55. Rxa3 Rf8 56. Ra7 Rh8 57. c4+ Ke4 58. b5 h5 59. Rg7 1-0

[Event "EU-ch Online 2300+ Final"]
[Site "Chess.com INT"]
[Date "2020.05.30"]
[Round "2"]
[White "Asadli, Vugar Afgan Oglu"]
[Black "Samaridis, Konstantinos"]
[Result "1-0"]
[WhiteElo "2572"]
[BlackElo "2105"]
[PlyCount "61"]
[EventDate "2020.05.30"]
[EventType "swiss"]
[EventRounds "8"]
[EventCountry "NET"]
[SourceTitle "CBM 196 Extra"]
[Source "ChessBase"]
[SourceDate "2020.07.31"]
[SourceVersion "1"]
[SourceVersionDate "2020.07.31"]
[SourceQuality "1"]

1. e4 e5 2. Nf3 Nc6 3. Bc4 Nf6 4. d3 Bc5 5. c3 a6 6. 0-0 d6 7. Bb3 Ba7 8. Be3 Bxe3 9. fxe3 0-0 10. Nbd2 Ne7 11. Nh4 Kh8 12. h3 Neg8 13. Qe1 g6 14. g4 Kg7 15. Qg3 Be6 16. Rf2 Qd7 17. Raf1 h5 18. Nf5+ Kh7 19. Qh4 d5 20. Nf3 dxe4 21. Nxe5 Qb5 22. d4 Bxb3 23. axb3 gxf5 24. g5 Nd7 25. Qxh5+ Kg7 26. c4 Qxb3 27. Nxd7 Qxe3 28. Kh1 Qxd4 29. Nf6 Nxf6 30. Qh6+ Kg8 31. gxf6 1-0

[Event "EU-ch Online 2300+ Final"]
[Site "Chess.com INT"]
[Date "2020.05.30"]
[Round "1"]
[White "Kjartansson, Gudmundur"]
[Black "Samaridis, Konstantinos"]
[Result "0-1"]
[WhiteElo "2467"]
[BlackElo "2105"]
[PlyCount "86"]
[EventDate "2020.05.30"]
[EventType "swiss"]
[EventRounds "8"]
[EventCountry "NET"]
[SourceTitle "CBM 196 Extra"]
[Source "ChessBase"]
[SourceDate "2020.07.31"]
[SourceVersion "1"]
[SourceVersionDate "2020.07.31"]
[SourceQuality "1"]

1. Nf3 Nf6 2. c4 e6 3. g3 d5 4. Bg2 Be7 5. 0-0 0-0 6. b3 d4 7. Bb2 c5 8. b4 Nc6 9. b5 Na5 10. d3 Bd6 11. e3 e5 12. exd4 exd4 13. Nbd2 Bf5 14. Qc2 h6 15. Rae1 Re8 16. Rxe8+ Qxe8 17. Re1 Qf8 18. Nxd4 cxd4 19. Bxd4 Re8 20. Rxe8 Qxe8 21. Nf1 b6 22. Ne3 Bc8 23. Bxf6 gxf6 24. Be4 Qe5 25. Qd1 f5 26. Bd5 f4 27. d4 Qg5 28. Ng2 fxg3 29. hxg3 Be6 30. Bxe6 fxe6 31. Ne3 Bxg3 32. Qf3 Be5+ 33. Kf1 Bxd4 34. Qa8+ Kf7 35. Qxa7+ Qe7 36. Qb8 Bxe3 37. fxe3 Nxc4 38. Ke2 Qd6 39. Qb7+ Ke8 40. Qe4 Qd2+ 41. Kf3 Qxe3+ 42. Qxe3 Nxe3 43. Kxe3 Kd7 0-1

[Event "EU-ch Online 2300+ Qual"]
[Site "Chess.com INT"]
[Date "2020.05.29"]
[Round "4"]
[White "Samaridis, Konstantinos"]
[Black "Grafl, Florian"]
[Result "0-1"]
[WhiteElo "2105"]
[BlackElo "2353"]
[PlyCount "75"]
[EventDate "2020.05.29"]
[EventType "swiss"]
[EventRounds "8"]
[EventCountry "NET"]
[SourceTitle "CBM 196 Extra"]
[Source "ChessBase"]
[SourceDate "2020.07.31"]
[SourceVersion "1"]
[SourceVersionDate "2020.07.31"]
[SourceQuality "1"]

1. e4 d5 2. exd5 Qxd5 3. Nc3 Qd6 4. d4 Nf6 5. Nf3 a6 6. Bd3 Bg4 7. Ne4 Nxe4 8. Bxe4 f5 9. Bd3 Nc6 10. h3 Bxf3 11. Qxf3 g6 12. c3 e5 13. d5 e4 14. Qe2 Ne5 15. Bc4 Nxc4 16. Qxc4 0-0-0 17. Bg5 Qxd5 18. Qxd5 Rxd5 19. Rd1 Rxd1+ 20. Kxd1 Bg7 21. Ke2 h6 22. Be7 Re8 23. Bc5 Rd8 24. h4 Rd5 25. Be3 Kd7 26. f3 exf3+ 27. Kxf3 h5 28. Bg5 Be5 29. Re1 Kd6 30. Re2 b5 31. Bh6 Rd3+ 32. Re3 Rxe3+ 33. Kxe3 Kd5 34. Kd3 c5 35. Bf8 Bf6 36. b3 c4+ 37. bxc4+ bxc4+ 38. Ke3 0-1

[Event "EU-ch Online U2300 Final"]
[Site "Chess.com INT"]
[Date "2020.05.26"]
[Round "3"]
[White "Peycheva, Gergana"]
[Black "Samaridis, Konstantinos"]
[Result "1/2-1/2"]
[WhiteElo "2255"]
[BlackElo "2105"]
[PlyCount "58"]
[EventDate "2020.05.26"]
[EventType "swiss"]
[EventRounds "8"]
[EventCountry "NET"]
[SourceTitle "CBM 196 Extra"]
[Source "ChessBase"]
[SourceDate "2020.07.31"]
[SourceVersion "1"]
[SourceVersionDate "2020.07.31"]
[SourceQuality "1"]

1. d4 Nf6 2. c4 e6 3. Nc3 Bb4 4. e3 0-0 5. Nge2 c6 6. a3 Ba5 7. b4 Bc7 8. Ng3 d5 9. Bd3 dxc4 10. Bxc4 Nbd7 11. 0-0 e5 12. Bb2 Nb6 13. Bb3 exd4 14. exd4 Nbd5 15. Bc2 Nxc3 16. Bxc3 Nd5 17. Bd2 Qf6 18. Be3 Bxg3 19. hxg3 Nxe3 20. fxe3 Qg5 21. Qd3 g6 22. e4 Be6 23. Rad1 Rad8 24. Qc3 Rd7 25. Rd2 Rfd8 26. Rfd1 Bg4 27. Rf1 Be6 28. Rfd1 Bg4 29. Rf1 Be6 1/2-1/2

[Event "EU-ch Online U2300 Final"]
[Site "Chess.com INT"]
[Date "2020.05.26"]
[Round "5"]
[White "Samaridis, Konstantinos"]
[Black "Sergeev, Nikita S"]
[Result "1/2-1/2"]
[WhiteElo "2105"]
[BlackElo "1335"]
[PlyCount "80"]
[EventDate "2020.05.26"]
[EventType "swiss"]
[EventRounds "8"]
[EventCountry "NET"]
[SourceTitle "CBM 196 Extra"]
[Source "ChessBase"]
[SourceDate "2020.07.31"]
[SourceVersion "1"]
[SourceVersionDate "2020.07.31"]
[SourceQuality "1"]

1. e4 e6 2. d4 d5 3. exd5 exd5 4. Nf3 Bd6 5. c4 Ne7 6. c5 Bxc5 7. dxc5 c6 8. Bd3 Bg4 9. h3 Bxf3 10. Qxf3 Nd7 11. b4 Ne5 12. Qe2 Nxd3+ 13. Qxd3 Ng6 14. 0-0 0-0 15. Bb2 Qg5 16. Nc3 Qxg2+ 17. Kxg2 Nf4+ 18. Kf3 Nxd3 19. Bc1 a5 20. bxa5 Rxa5 21. Be3 Nxc5 22. Bxc5 Rxc5 23. Ne2 Ra8 24. Rfb1 Ra3+ 25. Rb3 Rca5 26. Rab1 Kf8 27. Rxa3 Rxa3+ 28. Rb3 Rxb3+ 29. axb3 Ke7 30. b4 Kd6 31. Ke3 g5 32. Nd4 b6 33. f4 c5 34. Nf5+ Ke6 35. Ng7+ Kf6 36. Ne8+ Ke7 37. Nc7 Kd6 38. Ne8+ Ke7 39. Nc7 Kd6 40. Ne8+ Ke7 1/2-1/2

[Event "EU-ch Online U2300 Qual"]
[Site "Chess.com INT"]
[Date "2020.05.25"]
[Round "5"]
[White "Popadic, Dragan"]
[Black "Samaridis, Konstantinos"]
[Result "0-1"]
[WhiteElo "2180"]
[BlackElo "2105"]
[PlyCount "104"]
[EventDate "2020.05.25"]
[EventType "swiss"]
[EventRounds "8"]
[EventCountry "NET"]
[SourceTitle "EXT 2021"]
[Source "ChessBase"]
[SourceDate "2020.10.23"]
[SourceVersion "1"]
[SourceVersionDate "2020.10.23"]
[SourceQuality "1"]

1. e4 e5 2. Nf3 Nc6 3. Bb5 a6 4. Ba4 Nf6 5. 0-0 Be7 6. Re1 b5 7. Bb3 0-0 8. a4 Bb7 9. d3 d6 10. c3 Nd7 11. Nbd2 Nc5 12. Bc2 bxa4 13. Nf1 Nb3 14. Bxb3 axb3 15. Qxb3 Rb8 16. Qc2 Bf6 17. Ng3 g6 18. Bh6 Re8 19. Ra2 a5 20. h3 Bc8 21. Raa1 Be6 22. Bc1 d5 23. Qa4 Qd7 24. exd5 Bxd5 25. Ne4 Bg7 26. c4 Bxe4 27. dxe4 Rb4 28. Qc2 Qe6 29. b3 Reb8 30. Ra3 Bf8 31. Re3 Bc5 32. Rd3 R4b6 33. Ng5 Qe7 34. Rf3 f6 35. Ra1 Nd4 36. Qd1 fxg5 37. Rg3 h6 38. Rb1 a4 39. b4 Rxb4 40. Rxb4 Rxb4 41. Kh2 Rb3 42. Be3 Ne6 43. h4 Bxe3 44. fxe3 Kg7 45. Qd5 Nf8 46. hxg5 hxg5 47. Rf3 a3 48. Qa5 g4 49. Rf1 Rb2 50. Qc3 Qh4+ 51. Kg1 Qg3 52. Qxe5+ Qxe5 0-1